| 000 | 00860nam a2200229Ia 4500 | ||
|---|---|---|---|
| 001 | L235-8520 | ||
| 003 | IT-CnALBA | ||
| 008 | 170116s9999||||xx |||||||||||||| ||und|| | ||
| 040 |
_aIT-CnALBA _cIT-CnALBA |
||
| 041 | _aFRANCESE | ||
| 100 | _aLAUDET F. | ||
| 245 | 0 | _aBERNADETTE DE LOURDES | |
| 250 | _a1a ed. | ||
| 260 |
_a PARIS. _bBLOUD ET GAY - EDITEURS _c1931 [1° Ed.:1931 - Ed.Ling.Originale: 1931] |
||
| 300 | _a238 p. | ||
| 500 | _aBERNARDETTA. LOURDES. APPARIZIONI. DOPO LE APPARIZIONI. A NEVERS. LOURDES DOPO BERNARDETTA. | ||
| 501 | _aSocietà San Paolo EM - Piazza San Paolo, 14 - 12051 ALBA (CN) (non commercial uses only) ® Copyright 2017 | ||
| 520 | _aBERNARDETTA. LOURDES. APPARIZIONI. DOPO LE APPARIZIONI. A NEVERS. LOURDES DOPO BERNARDETTA. | ||
| 650 | _aMARIA SS. ANGELI SANTI DEMONI | ||
| 942 | _cBK | ||
| 957 | _71 | ||
| 999 |
_a9496 _bSI _g Copie: 1 _c267698 _d267698 |
||